Spread spectrum signal design : (Record no. 175826)

000 -LEADER
fixed length control field 00888 a2200205 4500
003 - CONTROL NUMBER IDENTIFIER
control field Nust
005 - DATE AND TIME OF LATEST TRANSACTION
control field 20220803171118.0
010 ## - LIBRARY OF CONGRESS CONTROL NUMBER
LC control number 87038218
020 ## - INTERNATIONAL STANDARD BOOK NUMBER
International Standard Book Number 0881751022
040 ## - CATALOGING SOURCE
Transcribing agency Nust
082 00 - DEWEY DECIMAL CLASSIFICATION NUMBER
Classification number 621.38043,NIC
100 1# - MAIN ENTRY--PERSONAL NAME
Personal name Nicholson, David L.,
9 (RLIN) 57189
245 10 - TITLE STATEMENT
Title Spread spectrum signal design :
Remainder of title LPE & AJ systems /
Statement of responsibility, etc. David L. Nicholson.
260 ## - PUBLICATION, DISTRIBUTION, ETC.
Place of publication, distribution, etc. Rockville, Md. :
Name of publisher, distributor, etc. Computer Science Press,
Date of publication, distribution, etc. c1988.
300 ## - PHYSICAL DESCRIPTION
Extent xii, 291 p. :
Other physical details ill. ;
Dimensions 24 cm.
440 #0 - SERIES STATEMENT/ADDED ENTRY--TITLE
Title Electrical engineering communications and signal processing series,
Volume/sequential designation 12
9 (RLIN) 96481
505 ## - FORMATTED CONTENTS NOTE
Formatted contents note Introduction to Low Probability (Page-1), Review Of Spread Spectrum (Page-25), Design Spread Spectrum (Page-91), Design.Of Spread Signals Against (Page-155), Spread Spectrum Design to Achieve (Page-189), Jamming and Detectability contours (Page-237).
650 #0 - SUBJECT ADDED ENTRY--TOPICAL TERM
Topical term or geographic name entry element Telecommunication Engineering.
942 ## - ADDED ENTRY ELEMENTS (KOHA)
Koha item type Reference
Source of classification or shelving scheme
Holdings
Withdrawn status Lost status Source of classification or shelving scheme Damaged status Not for loan Permanent Location Current Location Shelving location Date acquired Full call number Barcode Date last seen Price effective from Koha item type Public note
          Military College of Signals (MCS) Military College of Signals (MCS) Reference 12/12/2016 621.38043,NIC MCS4093 12/08/2016 12/12/2016 Reference Almirah No.20, Shelf No.6
© 2023 Central Library, National University of Sciences and Technology. All Rights Reserved.